000
00218nam a2200097Ia 4500
008
190216s9999||||xx |||||||||||||| ||und||
100
_a
Null
245
0
_a
Hindi-Kavya Pravesha
260
_b
Vidyarthimithram
942
_c
BK
999
_c
17741
_d
17741